000 00280nam a22001217a 4500
008 180126b xxu||||| |||| 00| 0 eng d
041 _aeng
080 _a91
100 _a42
101 _aGJEO
245 _aGrand atlas and picture book of the world
_cNally,R.M
942 _2udc
_cBK
999 _c41064
_d41064